000 02568nam0a2200361 4500
001 RU\NLR\BIBL_A\010669443
005 20260409080414.0
010 _a978-5-93593-198-8
_9200
021 _aRU
_b2014-94276
_95733
035 _a(NLR Aleph) 010669443
035 _a(NILC)RuMoRGB-007840661
090 _a9599395
_c9599395
100 _a20150210d2014 k y0rusy50 ca
101 0 _arus
102 _aRU
105 _aa|||z|||100yy
200 1 _aИнновационные подходы в системе высшего профессионального образования в структуре сетевого обучения
_eматериалы итоговой научно-практической конференции преподавателей и аспирантов (с международным участием) (Казань, 28-29 ноября 2014 г.)
_f[под ред. Ф. Г. Мухаметзяновой]
210 _aКазань
_cНОУ ВПО "Ун-т упр. "ТИСБИ"
_d2014
215 _a391 с.
_cил.
_d20
300 _aВ надзаг.: М-во образования и науки Республики Татарстан, М-во труда, занятости и социальной защиты Респ. Татарстан, Междунар. каф. ЮНЕСКО НОУ ВПО "Ун-т упр. "ТИСБИ", НОУ ВПО "Ун-т упр. "ТИСБИ"
320 _aБиблиогр. в конце ст.
606 _aВысшее образование
_xИнновации
_jСъезды, совещания и т.п
_3RU\NLR\AUTH\6601752542
_92664515
606 1 _aСтуденты
_jСъезды, совещания и т.п
_xСетевое обучение
_92220170
_3RU\NLR\AUTH\6601566399
686 1 _aЧ481.231.1я431
702 1 _4340
_7ca
_8rus
_aМухаметзянова
_bФ. Г.
_f1958-
_gФлёра Габдульбаровна
_3RU\NLR\AUTH\770136384
_9136349
711 1 2 _a"Инновационные подходы в системе высшего профессионального образования в структуре сетевого обучения", итоговая научно-практическая конференция преподавателей и аспирантов (с международным участием)
_eКазань
_f2014
_9446222
_3RU\NLR\AUTH\880390297
801 0 _aRU
_bРГБ
_c20141218
_gRCR
801 1 _aRU
_bРГБ
_c20141218
_2rusmarc
942 _cBOOK
980 _aNBR
980 _aNB